000
00278nam a22001337a 4500
008
180912b xxu||||| |||| 00| 0 eng d
020
_a
9780534218041
041
_a
eng
080
_a
510
100
_a
36
101
_a
MAT
245
_a
Calculus
_c
Andre, R.S
942
_2
udc
_c
BK
999
_c
47709
_d
47709